000 00327nam a2200109Ia 4500
008 220204s9999 xx 000 0 und d
020 _a9789715616690
082 _a339.922(5)
_bADB
245 0 _aEmerging Asian regionalism: A partnership for shared prosperity
260 _aPhilippines
_bAsian Development Bank
_c2008
942 _cBK
999 _c42873
_d42873